5HLuxD.jpg

KING HENRY VIII SENIOR AND PRIMARY SCHOOL LIBRARY OPAC

Owls / (Record no. 2189)

000 -LEADER
fixed length control field 02246cam a22004457i 4500
001 - CONTROL NUMBER
control field 18268925
003 - CONTROL NUMBER IDENTIFIER
control field OSt
005 - DATE AND TIME OF LATEST TRANSACTION
control field 20230324100522.0
008 - FIXED-LENGTH DATA ELEMENTS--GENERAL INFORMATION
fixed length control field 140815s2014 dcua b 000 0 eng d
010 ## - LIBRARY OF CONGRESS CONTROL NUMBER
LC control number 2012276661
020 ## - INTERNATIONAL STANDARD BOOK NUMBER
International Standard Book Number 9781426317439 (paperback)
035 ## - SYSTEM CONTROL NUMBER
System control number (OCoLC)ocn864700666
040 ## - CATALOGING SOURCE
Original cataloging agency YDXCP
Language of cataloging eng
Transcribing agency YDXCP
Description conventions rda
Modifying agency BTCTA
-- OCP
-- FOLLT
-- NYP
-- OCLCF
-- ABG
-- OCLCQ
-- OCLCA
-- DLC
-- KH8
042 ## - AUTHENTICATION CODE
Authentication code lccopycat
082 04 - DEWEY DECIMAL CLASSIFICATION NUMBER
Classification number 598.97 MAR
Edition number 23
100 1# - MAIN ENTRY--PERSONAL NAME
Personal name Marsh, Laura,
Relator term author.
245 10 - TITLE STATEMENT
Title Owls /
Statement of responsibility, etc. Laura Marsh.
264 #1 - PRODUCTION, PUBLICATION, DISTRIBUTION, MANUFACTURE, AND COPYRIGHT NOTICE
Place of production, publication, distribution, manufacture Washington, D.C. :
Name of producer, publisher, distributor, manufacturer National Geographic,
Date of production, publication, distribution, manufacture, or copyright notice [2014]
300 ## - PHYSICAL DESCRIPTION
Extent 32 pages :
Other physical details color illustrations ;
Dimensions 24 cm.
336 ## - CONTENT TYPE
Content type term text
Content type code txt
Source rdacontent
337 ## - MEDIA TYPE
Media type term unmediated
Media type code n
Source rdamedia
338 ## - CARRIER TYPE
Carrier type term volume
Carrier type code nc
Source rdacarrier
490 0# - SERIES STATEMENT
Series statement National Geographic kids.
490 0# - SERIES STATEMENT
Series statement National Geographic readers. Level 1
500 ## - GENERAL NOTE
General note At head of title on cover: National Geographic kids.
505 0# - FORMATTED CONTENTS NOTE
Formatted contents note Who are you? -- Many owls -- Owls everywhere -- Hotshot hunters -- Dinnertime -- Owl homes -- Hide and seek -- 7 cool owl facts -- A nest of babies -- Who hoots? -- What in the world? -- Picture glossary.
520 ## - SUMMARY, ETC.
Summary, etc. In this level 1 reader, young readers will explore the feathery world of adorable owls. Follow these curious-looking creatures through their wooded habitats, learn how owls raise their young, hunt, and protect themselves. Beautiful photos and carefully leveled text make this book perfect for reading aloud or for independent reading.
650 #0 - SUBJECT ADDED ENTRY--TOPICAL TERM
Topical term or geographic name entry element Owls
Form subdivision Juvenile literature.
650 #1 - SUBJECT ADDED ENTRY--TOPICAL TERM
Topical term or geographic name entry element Owls.
650 #7 - SUBJECT ADDED ENTRY--TOPICAL TERM
Topical term or geographic name entry element Owls.
Source of heading or term fast
Authority record control number or standard number (OCoLC)fst01049507
655 #7 - INDEX TERM--GENRE/FORM
Genre/form data or focus term Juvenile works.
Source of term fast
Authority record control number or standard number (OCoLC)fst01411637
710 2# - ADDED ENTRY--CORPORATE NAME
Corporate name or jurisdiction name as entry element National Geographic Society (U.S.)
830 #0 - SERIES ADDED ENTRY--UNIFORM TITLE
Uniform title National Geographic kids readers.
Number of part/section of a work Level 1.
856 42 - ELECTRONIC LOCATION AND ACCESS
Materials specified Contributor biographical information
Uniform Resource Identifier <a href="http://www.loc.gov/catdir/enhancements/fy1603/2012276661-b.html">http://www.loc.gov/catdir/enhancements/fy1603/2012276661-b.html</a>
856 42 - ELECTRONIC LOCATION AND ACCESS
Materials specified Publisher description
Uniform Resource Identifier <a href="http://www.loc.gov/catdir/enhancements/fy1603/2012276661-d.html">http://www.loc.gov/catdir/enhancements/fy1603/2012276661-d.html</a>
906 ## - LOCAL DATA ELEMENT F, LDF (RLIN)
a 7
b cbc
c copycat
d 2
e epcn
f 20
g y-gencatlg
942 ## - ADDED ENTRY ELEMENTS (KOHA)
Source of classification or shelving scheme
Koha item type Books - Non Ficton
Holdings
Withdrawn status Lost status Source of classification or shelving scheme Damaged status Not for loan Collection code Permanent Location Current Location Shelving location Date acquired Total Checkouts Total Renewals Full call number Barcode Date last seen Date last checked out Price effective from Koha item type
          Non-Fiction KH8 Primary School Library KH8 Primary School Library Non Fiction 2023-03-24 20 1 598.97 MAR KHPL000003926 2026-03-05 2026-02-26 2023-03-24 Books - Non Ficton

Powered By KH8 IT Dept